Cape Refuge/ Southern storm : (Registro nro. 12949)

Detalles MARC
000 -LIDER
fixed length control field 00642nam a22002177a 4500
003 - IDENTIFICACDOR DE NÚMERO DE CONTROL
control field DO-SdBNP
005 - DATE AND TIME OF LATEST TRANSACTION
control field 20180315114426.0
008 - ELEMENTOS DE LONGITUD FIJA
fixed length control field 171117b 20006 nyu ||||| |||| 00| 0 spa d
020 ## - ISBN
International Standard Book Number 9780310605355
020 ## - ISBN
International Standard Book Number 0310605350
040 ## - FUENTE DE CATALOGACIÓN
Agencia que crea de manera original el registro BPMSU
Idioma de catalogación spa
Agencia que realiza la transcripción BPMSU
092 ## - LOCALLY ASSIGNED DEWEY DECIMAL CALL NUMBER
Número de clasificación xxxx
Número de ítem (Cutter) xxxx
100 1# - ASIENTO PRINCIPAL -- NOMBRE PERSONAL
Nombre personal Blackstock, Terri
245 10 - MENCIÓN DE TITULO
Título Cape Refuge/ Southern storm :
Subtítulo two books in one /
Mención de responsabilidad Terri Blackstock.
246 1# - VARIACION DEL TÍTULO
Título propiamente dicho o título corto Southern storm.
260 ## - PUBLICACIÓN, DISTRIBUCIÓN, ETC. (PIE DE IMPRENTA)
Lugar de publicación, distribución, etc Grand Rapids, MI :
Nombre del editor, distribuidor, etc. Zondervan,
Fecha de publicación, distribución, etc 2006.
300 ## - DESCRIPCIÓN FÍSICA
Extensión 759 p. ;
Dimensiones 21 cm.
942 ## - ADDED ENTRY ELEMENTS (KOHA)
Source of classification or shelving scheme Dewey Decimal Classification
Koha item type Libros
945 ## - INFORMACIÓN DE PROCESAMIENTO LOCAL
Información de procesamiento local inventariado, 2018 / dg
956 ## - LOCAL ELECTRONIC LOCATION AND ACCESS (OCLC)
Nombre de host LOPEREZ
Número de acceso 10
Información de compresión 20171117
Procesador de solicitud 0041
Instrucción BPSMU
Existencias
Withdrawn status Lost status Source of classification or shelving scheme Damaged status Not for loan Collection code Home library Current library Date acquired Source of acquisition Total Checkouts Barcode Date last seen Price effective from Koha item type
    Dewey Decimal Classification     Colección General Biblioteca Pública Metropolitana Salomé Ureña Biblioteca Pública Metropolitana Salomé Ureña 11/17/2017 Anónimo   BPMSU17110258 11/17/2017 11/17/2017 Libros